000 00845nam a2200229 a 4500
999 _c7798
_d7798
001 7798
003 BD-JhCC
005 20180215093447.0
008 180214s2005 bg |||| || | 000 0 ben d
035 _a(BD-JhCC)7798
040 _aBD-JhCC
_dBD-JhCC
041 _aben
082 _a954.92
_bKHA 2005
100 _aখান, কে. এম. রাইছউদ্দিন
245 _aবাংলাদেশ ইতিহাস পরিক্রমা :
_bপ্রাচীন মধ্য ও আধুনিক যুগ /
_cকে. এম. রাইছউদ্দিন খান,
250 _a9th ed.
260 _aঢাকা :
_bখান ব্রাদার্স এ্যান্ড কোম্পানি,
_c2005
300 _a693 p. :
_c22 cm.
650 _aHistory
_zBangladesh
942 _2ddc
_cBK